Statistics for WWE superstars by picture #2

Click here to take the quiz!

General Stats

  • This quiz has been taken 840 times
  • The average score is 15 of 20

Answer Stats

Answer% Correct
Kane
98%
Rey Mysterio
94%
Ric Flair
93%
André the Giant
92%
Mark Henry
92%
Stone Cold Steve Austin
91%
Daniel Bryan
88%
Sasha Banks
87%
A.J. Styles
85%
Rob Van Dam
82%
Goldust
81%
Samoa Joe
78%
Shinsuke Nakamura
78%
Asuka
76%
Razor Ramon
70%
Trish Stratus
68%
The Iron Sheik
62%
Ron Simmons
56%
Dean Malenko
37%
Ultimo Dragon
27%

Score Distribution

Percentile by Number Answered

Percent of People with Each Score

Your Score History

You have not taken this quiz